<?xml version="1.0" encoding="UTF-8"?>
<record
    xmlns:xsi="http://www.w3.org/2001/XMLSchema-instance"
    xsi:schemaLocation="http://www.loc.gov/MARC21/slim http://www.loc.gov/standards/marcxml/schema/MARC21slim.xsd"
    xmlns="http://www.loc.gov/MARC21/slim">

  <leader>04617nam a2200385Ia 4500</leader>
  <controlfield tag="001">3135</controlfield>
  <controlfield tag="008">230305s2018    xx            000 0 und d</controlfield>
  <datafield tag="020" ind1=" " ind2=" ">
    <subfield code="a">9781119374107</subfield>
  </datafield>
  <datafield tag="043" ind1=" " ind2=" ">
    <subfield code="a">en_UK</subfield>
  </datafield>
  <datafield tag="041" ind1=" " ind2=" ">
    <subfield code="a">eng</subfield>
  </datafield>
  <datafield tag="245" ind1=" " ind2="0">
    <subfield code="a">GMAT for dummies</subfield>
  </datafield>
  <datafield tag="250" ind1=" " ind2=" ">
    <subfield code="a">7h edition with online practice</subfield>
  </datafield>
  <datafield tag="260" ind1=" " ind2=" ">
    <subfield code="a"></subfield>
    <subfield code="b">John Wiley &amp; Sons,</subfield>
    <subfield code="c">2018</subfield>
  </datafield>
  <datafield tag="505" ind1=" " ind2=" ">
    <subfield code="a">Includes index.</subfield>
    <subfield code="r">Part 1: Getting Started with the GMAT--</subfield>
    <subfield code="r">Chapter 1: Getting the Lowdown on the GMAT--</subfield>
    <subfield code="r">Chapter 2: Maximizing Your Score on the GMAT--</subfield>
    <subfield code="r">Chapter 3: Mastering Business-School Admissions--</subfield>
    <subfield code="r">--</subfield>
    <subfield code="r">Part 2: Vanquishing the Verbal Section--</subfield>
    <subfield code="r">Chapter 4: Applying What You Learned (We Hope) in Grammar Class: Sentence Correction --</subfield>
    <subfield code="r">Chapter 5: Not as Enticing as a Bestseller: Reading Comprehension--</subfield>
    <subfield code="r">Chapter 6: Let's Think This Through Logically: Critical Reasoning--</subfield>
    <subfield code="r">Chapter 7: Bringing It Together: A Mini Practice Verbal Section--</subfield>
    <subfield code="r">--</subfield>
    <subfield code="r">Part 3: Acing the Analytical-Writing Section--</subfield>
    <subfield code="r">Chapter 8: Analyze This: What to Expect from the Analytical Writing Assessment--</subfield>
    <subfield code="r">Chapter 9: Present Perfect Paragraphs: How to Write a GMAT Essay--</subfield>
    <subfield code="r">Chapter 10: Deconstructing Sample GMAT Essays--</subfield>
    <subfield code="r">Chapter 11: Sampling a Series of Writing Prompts--</subfield>
    <subfield code="r">--</subfield>
    <subfield code="r">Part 4: Conquering the Quantitative Section--</subfield>
    <subfield code="r">Chapter 12: Getting Back to Basics: Numbers and Operations--</subfield>
    <subfield code="r">Chapter 13: Considering All the Variables: Algebra--</subfield>
    <subfield code="r">Chapter 14: Getting the Angle on Geometry: Planes and Solids--</subfield>
    <subfield code="r">Chapter 15: Keeping in Step: Coordinate Geometry--</subfield>
    <subfield code="r">Chapter 16: Manipulating Numbers: Statistics and Sets--</subfield>
    <subfield code="r">Chapter 17: It's All in the Presentation: GMAT Quantitative Question Types--</subfield>
    <subfield code="r">Chapter 18: All Together Now: A Mini Practice Quantitative Section--</subfield>
    <subfield code="r">--</subfield>
    <subfield code="r">Part 5: Excelling on the Integrated-Reasoning Section --</subfield>
    <subfield code="r">Chapter 19: Best of Both Worlds: The Integrated-Reasoning Section--</subfield>
    <subfield code="r">Chapter 20: Deciphering Data in Charts and Graphs --</subfield>
    <subfield code="r">--</subfield>
    <subfield code="r">Part 6: Practice Makes Perfect--</subfield>
    <subfield code="r">Chapter 21: GMAT Practice Test--</subfield>
    <subfield code="r">Chapter 22: Practice Test Answers and Explanations--</subfield>
    <subfield code="r">--</subfield>
    <subfield code="r">Part 7: The Part of Tens--</subfield>
    <subfield code="r">Chapter 23: Ten Question Types You've Got a Good Shot At --</subfield>
    <subfield code="r">Chapter 24: Ten Writing Errors to Avoid--</subfield>
    <subfield code="r">Chapter 25: Ten Ways to Increase Your Chances of Getting into Business School--</subfield>
  </datafield>
  <datafield tag="520" ind1=" " ind2=" ">
    <subfield code="a">Score higher on the GMAT. ; If the thought of the GMAT gives you the jitters, this trusted test-prep guide is here to wash your worries away! Covering everything you can expect to encounter on exam day, GMAT For Dummies gives you the practical, time-tested guidance you need to conquer your fears, maximize your score, and get into the business school of your dreams. ; Designed to measure your mastery of verbal, mathematical, analytical, and writing skills, the GMAT serves as the gatekeeper of world-class graduate degrees in business, finance, management, accountancy, and economy. With this book and companion website as your guide, you'll find all the helpful tips and tricks you need to brush up on each section of the exam, chart your progress, and focus your study on the areas where you need more help. ;  ;     Includes a plain-English explanation of the test's format ;     Provides reviews of foundational concepts for every section ;     Offers complete explanations of every question type ;     Includes two full-length practice tests in the book, plus three more online ;  ; Even if the big day is just around the corner, GMAT For Dummies makes it faster and easier than ever to outsmart the competition and get on the road to acquiring that coveted MBA!</subfield>
  </datafield>
  <datafield tag="590" ind1=" " ind2=" ">
    <subfield code="b">Academic material available on publisher's website.</subfield>
  </datafield>
  <datafield tag="650" ind1=" " ind2=" ">
    <subfield code="x">Study guides</subfield>
    <subfield code="a"> Graduate Management Admission Test--Study guides</subfield>
  </datafield>
  <datafield tag="650" ind1=" " ind2=" ">
    <subfield code="x">Examinations</subfield>
    <subfield code="a"> Graduate Management Admission Test--Study guides</subfield>
  </datafield>
  <datafield tag="700" ind1=" " ind2=" ">
    <subfield code="a">Hatch, Scott A.</subfield>
    <subfield code="e">Autor</subfield>
    <subfield code="9">22211</subfield>
  </datafield>
  <datafield tag="700" ind1=" " ind2=" ">
    <subfield code="a">Zimmer Hatch, Lisa</subfield>
    <subfield code="e">Autor</subfield>
    <subfield code="9">13104</subfield>
  </datafield>
  <datafield tag="856" ind1=" " ind2=" ">
    <subfield code="u">https://search-ebscohost-com.hub.tbs-education.fr/login.aspx?direct=true&amp;AuthType=sso&amp;db=nlebk&amp;AN=1631872&amp;site=ehost-live&amp;scope=site&amp;custid=s7247265&amp;ebv=EB&amp;ppid=pp_C1</subfield>
  </datafield>
  <datafield tag="856" ind1=" " ind2=" ">
    <subfield code="u">https://www.wiley.com/en-us/GMAT+For+Dummies%2C+7th+Edition-p-9781119374145</subfield>
  </datafield>
  <datafield tag="902" ind1=" " ind2=" ">
    <subfield code="a">1026</subfield>
  </datafield>
  <datafield tag="905" ind1=" " ind2=" ">
    <subfield code="a">m</subfield>
  </datafield>
  <datafield tag="911" ind1=" " ind2=" ">
    <subfield code="a">https://biblioteca.tbs-education.es/portadas/9781119374107.jpg</subfield>
  </datafield>
  <datafield tag="912" ind1=" " ind2=" ">
    <subfield code="a">2018-01-01</subfield>
  </datafield>
  <datafield tag="942" ind1=" " ind2=" ">
    <subfield code="a">1</subfield>
  </datafield>
  <datafield tag="953" ind1=" " ind2=" ">
    <subfield code="d">2021-10-07 14:29:45</subfield>
  </datafield>
  <datafield tag="999" ind1=" " ind2=" ">
    <subfield code="c">2988</subfield>
    <subfield code="d">2988</subfield>
  </datafield>
  <datafield tag="650" ind1=" " ind2=" ">
    <subfield code="a">Management--Examinations, questions, etc</subfield>
    <subfield code="9">23264</subfield>
  </datafield>
  <datafield tag="650" ind1=" " ind2=" ">
    <subfield code="a"> GMAT (Graduated Management Admission Test)</subfield>
    <subfield code="9">4016</subfield>
  </datafield>
  <datafield tag="650" ind1=" " ind2="0">
    <subfield code="a">Business</subfield>
    <subfield code="9">4291</subfield>
  </datafield>
  <datafield tag="655" ind1=" " ind2=" ">
    <subfield code="a">Handbook: Preparation for the GMAT</subfield>
    <subfield code="9">23265</subfield>
  </datafield>
  <datafield tag="655" ind1=" " ind2=" ">
    <subfield code="a">Level range: C1 - C2 | Common European Framework of Reference for Languages (CEFR) </subfield>
  </datafield>
</record>
